[Event "MCR mladeze 2014, Open A"]
[Site "Kouty nad Desnou"]
[Date "2014.03.11"]
[Round "4"]
[White "Macek, Oldrich"]
[Black "Sabolova, Kristyna"]
[Result "1/2-1/2"]
[WhiteElo "1672"]
[BlackElo "1861"]
[PlyCount "65"]
[EventDate "2014.03.08"]

1. d4 d5 2. Nf3 Nf6 3. Bf4 e6 4. Nbd2 c5 5. c3 Nc6 6. e3 Be7 7. Bd3 O-O 8. O-O
b6 9. h3 Bb7 10. Rc1 Rc8 11. Ne5 Nxe5 12. Bxe5 Ne4 13. Bxe4 dxe4 14. Qg4 g6 15.
Rfd1 f5 16. Qg3 cxd4 17. cxd4 Bd5 18. a3 Qd7 19. f3 exf3 20. Nxf3 Bxf3 21. Qxf3
Bd6 22. Qf4 Bxe5 23. Qxe5 Rc6 24. Rxc6 Qxc6 25. d5 exd5 26. Qxd5+ Qxd5 27. Rxd5
Rf7 28. Kf2 Rc7 29. Kf3 Kf7 30. g4 Ke6 31. Rd2 fxg4+ 32. hxg4 Rc4 33. Rh2
1/2-1/2

[Event "MCR mladeze 2014, Open A"]
[Site "Kouty nad Desnou"]
[Date "2014.03.11"]
[Round "4"]
[White "Kotyk, Vaclav"]
[Black "Kabelka, Ondrej"]
[Result "0-1"]
[WhiteElo "1851"]
[BlackElo "1673"]
[PlyCount "98"]
[EventDate "2014.03.08"]

1. e4 e6 2. d4 d5 3. Nc3 Nf6 4. e5 Nfd7 5. f4 c5 6. Nf3 Nc6 7. Be3 f6 8. exf6
Nxf6 9. dxc5 Ng4 10. Bg1 Qc7 11. Qd2 Be7 12. f5 exf5 13. Nxd5 Qd8 14. Nxe7
Qxe7+ 15. Qe2 Be6 16. Ng5 Bd5 17. Qxe7+ Nxe7 18. O-O-O O-O 19. Nf3 Rac8 20. a3
a5 21. h3 Nf6 22. Nd2 Nd7 23. Bc4 Bxc4 24. Nxc4 Nxc5 25. Nd6 Rc7 26. Bxc5 Rxc5
27. Rhe1 Ng6 28. Nxb7 Rb5 29. Nd6 Rbb8 30. Nc4 a4 31. Rd7 Ra8 32. Nb6 Ra6 33.
Nd5 Rf7 34. Ne7+ Nxe7 35. Rexe7 Rxe7 36. Rxe7 Rg6 37. Re2 Rg3 38. Kb1 Kf7 39.
Ka2 g5 40. b3 f4 41. bxa4 Re3 42. Rf2 Ke6 43. Kb2 Kd5 44. Rf3 Re2 45. g3 Ke4
46. gxf4 Kxf3 47. fxg5 Ke4 48. Kc3 Kd5 49. Kd3 Rh2 0-1

[Event "MCR mladeze 2014, Open A"]
[Site "Kouty nad Desnou"]
[Date "2014.03.11"]
[Round "4"]
[White "Zilavy, Jan"]
[Black "Zemkova, Klara"]
[Result "1-0"]
[WhiteElo "1816"]
[BlackElo "1730"]
[PlyCount "49"]
[EventDate "2014.03.08"]

1. e4 e6 2. d4 d5 3. Nd2 Nf6 4. e5 Nfd7 5. Bd3 c5 6. c3 Nc6 7.
Ne2 Qb6 8. Nf3 Be7 9. O-O cxd4 10. cxd4 f6 11. Nf4 Nf8 12. Re1 Bd7 13. a3 O-O-O
14. b4 h5 15. Ng6 Nxg6 16. Bxg6 Rdf8 17. Be3 Kb8 18. Rc1 f5 19. Bf4 Qd8 20. Re2
Be8 21. Bxe8 Qxe8 22. Rec2 Qf7 23. Qd2 Rc8 24. b5 Nxd4 25. Nxd4 1-0

[Event "MCR mladeze 2014, Open A"]
[Site "Kouty nad Desnou"]
[Date "2014.03.11"]
[Round "4"]
[White "Skorepa, Tomas"]
[Black "Ferkova, Dominika"]
[Result "1-0"]
[WhiteElo "1783"]
[BlackElo "1590"]
[PlyCount "43"]
[EventDate "2014.03.08"]

1. d4 d5 2. c4 c6 3. Nc3 Nf6 4. Nf3 e6 5. Bg5 Nbd7 6. cxd5 exd5 7. e3 Be7 8.
Bd3 O-O 9. Qc2 h6 10. Bh4 Nh5 11. Bxe7 Qxe7 12. O-O Nb6 13.
Rab1 Be6 14. Rfc1 Nd7 15. h3 Rfc8 16. b4 b5 17. a4 a6 18. a5 Nhf6 19. Ne2 Ne8
20. Ne5 Nb8 21. Nf4 Nd6 22. Bh7+ 1-0

[Event "MCR mladeze 2014, Open A"]
[Site "Kouty nad Desnou"]
[Date "2014.03.11"]
[Round "4"]
[White "Korsa, Jiri"]
[Black "Bartos, Vaclav"]
[Result "0-1"]
[WhiteElo "1716"]
[BlackElo "1746"]
[PlyCount "46"]
[EventDate "2014.03.08"]

1. e4 d6 2. Nc3 g6 3. g4 Bg7 4. Bg2 c5 5. d3 Nc6 6. h3 a6 7. Nge2 Bd7 8. Ng3 b5
9. O-O Rc8 10. f4 b4 11. Nd5 Nf6 12. Nxf6+ Bxf6 13. f5 Bg7 14. a4 O-O 15. Rb1
b3 16. cxb3 Rb8 17. Bd2 Qb6 18. Bc3 c4+ 19. Kh1 Bxc3 20. bxc3 cxb3 21. fxg6
hxg6 22. h4 Ne5 23. g5 Qe3 0-1

[Event "MCR mladeze 2014, Open A"]
[Site "Kouty nad Desnou"]
[Date "2014.03.11"]
[Round "4"]
[White "Bobek, Daniel"]
[Black "Zuziak, Petr"]
[Result "1-0"]
[WhiteElo "1707"]
[BlackElo "1726"]
[PlyCount "111"]
[EventDate "2014.03.08"]

1. e4 e5 2. Nf3 Nc6 3. Bb5 Nge7 4. O-O g6 5. c3 Bg7 6. Re1 O-O 7. d3 d5 8. Nbd2
a6 9. Ba4 b5 10. Bc2 dxe4 11. dxe4 Na5 12. Nb3 Qxd1 13. Rxd1 Nb7 14. Be3 Bg4
15. Rd2 Bxf3 16. gxf3 Rfd8 17. Rad1 Nc6 18. Rd7 Rac8 19. Nc5 Nxc5 20. Bxc5 Bf8
21. Bxf8 Kxf8 22. Bb3 Rxd7 23. Rxd7 Ne7 24. c4 Ke8 25. Rd2 Rb8 26. cxb5 axb5
27. Bd5 Rb6 28. Rc2 Nxd5 29. exd5 Kd7 30. b4 Rf6 31. Rc3 Rf4 32. a3 Rc4 33.
Rxc4 bxc4 34. Kf1 Kd6 35. Ke2 Kxd5 36. Kd2 f5 37. a4 g5 38. Kc3 h5 39. a5 e4
40. a6 Kc6 41. b5+ Kb6 42. fxe4 fxe4 43. Kxc4 e3 44. fxe3 g4 45. Kd4 h4 46. Ke4
g3 47. hxg3 hxg3 48. Kf3 c6 49. bxc6 Kxa6 50. Kxg3 Kb6 51. Kf4 Kxc6 52. Ke5 Kd7
53. Kf6 Kd6 54. e4 Kd7 55. e5 Kd8 56. Kf7 1-0

[Event "MCR mladeze 2014, Open A"]
[Site "Kouty nad Desnou"]
[Date "2014.03.11"]
[Round "4"]
[White "Ptacek, Jan"]
[Black "Dumkova, Daniela"]
[Result "0-1"]
[WhiteElo "1621"]
[BlackElo "1645"]
[PlyCount "122"]
[EventDate "2014.03.08"]

1. e4 c5 2. Nf3 d6 3. d4 cxd4 4. Nxd4 Nf6 5. Nc3 Nc6 6. Be3 e6 7. Be2 Be7 8.
O-O O-O 9. f4 a6 10. a4 Qc7 11. Nb3 Bd7 12. Qe1 Nb4 13. Bd3 e5 14. f5 d5 15.
Qg3 Kh8 16. Bg5 Nh5 17. Qh4 Bxg5 18. Qxh5 Be3+ 19. Kh1 Qd6 20. Rf3 d4 21. Rh3
h6 22. Nd1 Nxd3 23. cxd3 f6 24. Qg6 Bg5 25. Qh5 Qb4 26. Nf2 Qxb3 27. Rg3 Qxb2
28. Rf1 Rac8 29. Nh3 Rc1 30. Rd1 Bxa4 31. Rg1 Rfc8 32. Rxg5 Rxg1+ 33. Nxg1 fxg5
34. f6 Be8 35. f7 Bxf7 36. Qxf7 Qb6 37. h3 Qc7 38. Qf5 Re8 39. Nf3 Qe7 40. Qg6
Qe6 41. Qh5 Kg8 42. h4 gxh4 43. Nxh4 Qf7 44. Qe2 b5 45. Nf5 Rf8 46. Qg4 Qf6 47.
Kg1 Kh8 48. Qd1 Kh7 49. Qc1 b4 50. Qc4 a5 51. Qb5 g6 52. Ng3 Qf4 53. Ne2 Qf2+
54. Kh1 Rf7 55. Qe8 Qf6 56. Qb5 Qf1+ 57. Ng1 Qf4 58. Nh3 Qf1+ 59. Ng1 Qf6 60.
Nf3 Re7 61. Kg1 Qe6 {Necitelny zapis} 0-1

[Event "MCR mladeze 2014, Open A"]
[Site "Kouty nad Desnou"]
[Date "2014.03.11"]
[Round "5"]
[White "Moravec, Vit"]
[Black "Kislinsky, Alexey"]
[Result "0-1"]
[WhiteElo "2179"]
[BlackElo "2500"]
[PlyCount "66"]
[EventDate "2014.??.??"]

1. c4 g6 2. g3 Bg7 3. Bg2 d6 4. Nc3 e5 5. d3 Ne7 6. Nf3 h6 7. O-O g5 8. Rb1 f5
9. Ne1 Nd7 10. Nc2 Nf6 11. d4 e4 12. f3 exf3 13. Bxf3 O-O 14. e4 c6 15. Be3 Qe8
16. Bf2 Ng4 17. Bxg4 fxg4 18. Be3 Ng6 19. Qe2 Bd7 20. Rxf8+ Qxf8 21. Rf1 Qe7
22. e5 dxe5 23. d5 e4 24. Bd4 Re8 25. Bxg7 Kxg7 26. dxc6 bxc6 27. Rd1 Ne5 28.
Kg2 Qf7 29. Nxe4 c5 30. Nc3 Bc6+ 31. Rd5 Bxd5+ 32. cxd5 Nf3 33. Qb5 Nd4 0-1

[Event "MCR mladeze 2014, Open A"]
[Site "Kouty nad Desnou"]
[Date "2014.03.11"]
[Round "5"]
[White "Haring, Filip"]
[Black "Peterson, Eric"]
[Result "1-0"]
[WhiteElo "1791"]
[BlackElo "2237"]
[PlyCount "140"]
[EventDate "2014.??.??"]

1. e4 e6 2. d3 d5 3. Nd2 c5 4. Ngf3 Nc6 5. g3 Nge7 6. Bg2 g6 7. O-O Bg7 8. Re1
b6 9. exd5 Nxd5 10. d4 cxd4 11. Nb3 O-O 12. Nfxd4 Nxd4 13. Nxd4 Ba6 14. Nc6 Qd7
15. Nb4 Bc4 16. Nxd5 exd5 17. c3 Rfe8 18. Be3 Rad8 19. Qd2 Qc7 20. Bg5 Rxe1+
21. Rxe1 f6 22. Bf4 Qf7 23. b3 Ba6 24. c4 Bb7 25. cxd5 Bf8 26. h4 Qd7 27. Rd1
Bd6 28. Kh2 Qc7 29. Bxd6 Rxd6 30. Qb4 Qd8 31. Qa4 a6 32. Qd4 Kf7 33. a4 h5 34.
b4 Qc7 35. Re1 Qd8 36. Re6 Bc8 37. Re1 Bb7 38. Rd1 Qc7 39. Qe3 Qd8 40. Qh6 Qf8
41. Qe3 Qe7 42. Qc3 Qd8 43. Qd3 Qc7 44. Be4 f5 45. Bg2 Qd8 46. Qd4 Qf6 47. Qf4
Qd8 48. Qe5 Qf6 49. Qe3 Qd8 50. Qd4 Qf6 51. Qc4 Qd8 52. Bf3 Qd7 53. b5 a5 54.
Qd4 Qd8 55. Qd2 Qf6 56. Re1 Kg7 57. Qd3 Rd7 58. Bg2 Rd6 59. Re6 Qd8 60. Qd4+
Kf7 61. Qe5 Rd7 62. d6 Bxg2 63. Kxg2 f4 64. Qe4 f3+ 65. Kh2 Kf8 66. Qxg6 Rf7
67. Qh6+ Rg7 68. Qh8+ Kf7 69. Qxd8 Kxe6 70. Qxb6 Kd5 1-0

[Event "MCR mladeze 2014, Open A"]
[Site "Kouty nad Desnou"]
[Date "2014.03.11"]
[Round "5"]
[White "Hrdina, Robin"]
[Black "Horak, Jiri"]
[Result "0-1"]
[WhiteElo "2076"]
[BlackElo "2150"]
[PlyCount "76"]
[EventDate "2014.??.??"]

1. e4 e6 2. d3 d5 3. Nd2 c5 4. Ngf3 Nc6 5. g3 Nf6 6. Bg2 Be7 7. O-O O-O 8. e5
Nd7 9. Re1 f6 10. exf6 Bxf6 11. Nf1 e5 12. h4 Nb6 13. N1h2 Re8 14. Ng5 Bf5 15.
Ng4 h6 16. Nh3 Nd4 17. Ne3 Be6 18. c3 Qd7 19. Kh2 Nc6 20. Qe2 d4 21. Nc4 Nxc4
22. dxc4 d3 23. Qe3 Rac8 24. b3 e4 25. Bd2 Bg4 26. Ng1 Bf5 27. f4 Nd4 28. Rac1
Nc2 29. Qf2 Nxe1 30. Rxe1 b6 31. Bh3 Re7 32. Bxf5 Qxf5 33. Qg2 e3 34. Rxe3 Rxe3
35. Bxe3 Bxc3 36. Bd2 Bxd2 37. Qxd2 Qe4 38. Qd1 Re8 0-1

[Event "MCR mladeze 2014, Open A"]
[Site "Kouty nad Desnou"]
[Date "2014.03.11"]
[Round "5"]
[White "Vanka, Miloslav"]
[Black "Walek, Petr"]
[Result "1-0"]
[WhiteElo "2145"]
[BlackElo "2070"]
[PlyCount "85"]
[EventDate "2014.??.??"]

1. e4 e5 2. Bc4 Nf6 3. d3 c6 4. Nf3 d5 5. Bb3 Bd6 6. Nc3 dxe4 7. Nxe4 Nxe4 8.
dxe4 Bg4 9. h3 Bh5 10. Be3 Qc7 11. Qd2 Na6 12. O-O-O Bb4 13. c3 Bc5 14. Bxc5
Nxc5 15. Qg5 Bg6 16. Qxe5+ Qxe5 17. Nxe5 Ke7 18. f3 Rad8 19. Bc4 f6 20. Nxg6+
hxg6 21. Rxd8 Rxd8 22. Rd1 Rxd1+ 23. Kxd1 Kd6 24. h4 Ke5 25. g3 g5 26. hxg5
fxg5 27. b4 Na4 28. Bb3 Nb6 29. Bc2 Nc4 30. Ke2 b6 31. Bd3 Nb2 32. Kd2 b5 33.
Ke2 a6 34. Bc2 Nc4 35. Bb3 g4 36. Bxc4 bxc4 37. Ke3 gxf3 38. Kxf3 g6 39. Ke3 g5
40. a3 Ke6 41. Kd4 g4 42. Kxc4 Ke5 43. Kd3 1-0

[Event "MCR mladeze 2014, Open A"]
[Site "Kouty nad Desnou"]
[Date "2014.03.11"]
[Round "5"]
[White "Vecera, Petr"]
[Black "Havrlik, Jindrich"]
[Result "1-0"]
[WhiteElo "2068"]
[BlackElo "2117"]
[PlyCount "47"]
[EventDate "2014.??.??"]

1. e4 e6 2. d4 d5 3. exd5 exd5 4. Nf3 Bd6 5. Bd3 Nc6 6. c3 Be6 7. O-O Qd7 8.
Re1 O-O-O 9. Qa4 Kb8 10. Bb5 f6 11. Bxc6 bxc6 12. b4 g5 13. Nbd2 g4 14. Nh4 Ne7
15. Nb3 Rde8 16. Bf4 Ng6 17. Nxg6 hxg6 18. Nc5 Bxc5 19. bxc5 Bf5 20. Qa6 Rxe1+
21. Rxe1 Re8 22. Bxc7+ Kxc7 23. Qxa7+ Kd8 24. Qa5+ 1-0

[Event "MCR mladeze 2014, Open A"]
[Site "Kouty nad Desnou"]
[Date "2014.03.11"]
[Round "5"]
[White "Malinovsky, Petr"]
[Black "Machalik, Marek"]
[Result "1-0"]
[WhiteElo "2008"]
[BlackElo "1949"]
[PlyCount "121"]
[EventDate "2014.??.??"]

1. d4 d5 2. c4 c6 3. e3 e6 4. Nf3 Nf6 5. Bd3 Nbd7 6. b3 Bd6 7. Bb2 O-O 8. O-O
Re8 9. Ne5 Qc7 10. f4 b6 11. Nd2 c5 12. cxd5 Nxd5 13. Bxh7+ Kf8 14. Ndc4 N7f6
15. Bd3 Bb7 16. Qe2 Rac8 17. Nxd6 Qxd6 18. Nc4 Qe7 19. dxc5 bxc5 20. Rad1 Red8
21. e4 Nb4 22. e5 Ng8 23. Bb1 Bd5 24. f5 exf5 25. Bxf5 Be6 26. Nd6 Rc7 27. Bg6
Nh6 28. h3 Kg8 29. Bb1 Nc6 30. Nc4 Rcd7 31. Rxd7 Rxd7 32. Rd1 Nf5 33. Rxd7 Qxd7
34. Qd3 Qxd3 35. Bxd3 Nfd4 36. Ba3 Nb4 37. Bb1 Kf8 38. Kf2 Ke7 39. Bc1 Bxc4 40.
bxc4 Ke6 41. Bf4 Nbc6 42. Be4 Nxe5 43. Bd5+ Kf6 44. Bxe5+ Kxe5 45. Bxf7 Nc2 46.
h4 Kd4 47. g4 Ne3 48. g5 Nf5 49. h5 Ke5 50. Kf3 Nd6 51. g6 Kf6 52. Kf4 Nxf7 53.
gxf7 Kxf7 54. Kf5 Ke7 55. Ke5 Kf7 56. Kd5 Kf6 57. Kxc5 Ke5 58. Kc6 Ke6 59. c5
a5 60. Kb7 g5 61. hxg6 1-0

[Event "MCR mladeze 2014, Open A"]
[Site "Kouty nad Desnou"]
[Date "2014.03.11"]
[Round "5"]
[White "Liduch, Filip"]
[Black "Hlavac, Rudolf"]
[Result "1-0"]
[WhiteElo "1901"]
[BlackElo "2000"]
[PlyCount "119"]
[EventDate "2014.03.08"]

1. d4 d5 2. c4 c6 3. e3 e6 4. Nf3 Nf6 5. Bd3 Nbd7 6. b3 Bd6 7. Bb2 O-O 8. O-O
Re8 9. Ne5 Qc7 10. f4 b6 11. Nd2 c5 12. cxd5 Nxd5 13. Bxh7+ Kf8 14. Nec4 N7f6
15. Bd3 Bb7 16. Qe2 Rac8 17. Nxd6 Qxd6 18. Nc4 Qe7 19. dxc5 bxc5 20. Rad1 Red8
21. e4 Nb4 22. e5 Ng8 23. Bb1 Bd5 24. f5 exf5 25. Bxf5 Be6 26. Nd6 Rc7 27. Bg6
Nh6 28. h3 Kg8 29. Bb1 Na6 30. Nc4 Rdd7 31. Rxd7 Rxd7 32. Rd1 Nf5 33. Rxd7 Qxd7
34. Qd3 Qxd3 35. Bxd3 Nd4 36. Ba3 Nb4 37. Bb1 Kf8 38. Kf2 Ke7 39. Bc1 Bxc4 40.
bxc4 Ke6 41. Bf4 Ndc6 42. Be4 Nxe5 43. Bd5+ Kf6 44. Bxe5+ Kxe5 45. Bxf7 Nc2 46.
h4 Kd4 47. g4 Ne3 48. g5 Nf5 49. h5 Ke5 50. Kf3 Nd6 51. g6 Kf6 52. Kf4 Nxf7 53.
gxf7 Kxf7 54. Kf5 Ke7 55. Ke5 Kf7 56. Kd5 Kf6 57. Kxc5 Ke5 58. Kc6 Ke6 59. c5
a5 60. Kb7 1-0

[Event "MCR mladeze 2014, Open A"]
[Site "Kouty nad Desnou"]
[Date "2014.03.11"]
[Round "5"]
[White "Pycha, Patrik"]
[Black "Novak, Jiri"]
[Result "1/2-1/2"]
[WhiteElo "1997"]
[BlackElo "1869"]
[PlyCount "126"]
[EventDate "2014.03.08"]

1. e4 e5 2. Nf3 Nc6 3. Bb5 a6 4. Bxc6 dxc6 5. O-O Bg4 6. h3 Bxf3 7. Qxf3 Nf6 8.
b3 Qd4 9. c3 Qxe4 10. Qxe4 Nxe4 11. Re1 Nc5 12. Rxe5+ Kd7 13. Ba3 Ne6 14. Bxf8
Nxf8 15. Na3 Ng6 16. Re3 Rae8 17. Nc4 b6 18. Kf1 f6 19. Rae1 Nf4 20. b4 Rxe3
21. dxe3 Nd5 22. Rc1 Re8 23. Nb2 Ra8 24. e4 Nf4 25. Nc4 a5 26. bxa5 b5 27. Ne3
Rxa5 28. Rc2 Ra4 29. f3 Ne6 30. Ke1 Ra3 31. Kd2 Nc5 32. c4 b4 33. Rb2 b3 34.
axb3 Nxb3+ 35. Ke2 Nc1+ 36. Kd1 Nd3 37. Rd2 Ke8 38. Ke2 Nc5 39. Rc2 g6 40. f4
Nd3 41. g3 Ke7 42. c5 Rb3 43. f5 Kf7 44. fxg6+ hxg6 45. h4 Ke6 46. g4 Ke5 47.
Nc4+ Kf4 48. h5 Kxg4 49. hxg6 Nf4+ 50. Kd1 Nxg6 51. Na5 Rb1+ 52. Kd2 Ne5 53.
Nc4 Nxc4+ 54. Rxc4 Kf4 55. Ra4 Rb5 56. Kd3 Rxc5 57. Ra7 Re5 58. Rxc7 Rxe4 59.
Rxc6 f5 60. Rc1 Ra4 61. Rf1+ Ke5 62. Re1+ Kd5 63. Ke3 Re4+ 1/2-1/2

[Event "MCR mladeze 2014, Open A"]
[Site "Kouty nad Desnou"]
[Date "2014.03.11"]
[Round "5"]
[White "Kabelka, Ondrej"]
[Black "Melichar, Vojtech"]
[Result "0-1"]
[WhiteElo "1673"]
[BlackElo "1952"]
[PlyCount "52"]
[EventDate "2014.03.08"]

1. d4 Nf6 2. c4 g6 3. Nc3 Bg7 4. e4 d6 5. Nf3
O-O 6. h3 Nbd7 7. Be3 e5 8. d5 a5 9. Be2 Nc5 10. Nd2 Nfd7 11. g4 a4 12. h4 f5
13. gxf5 gxf5 14. exf5 Nb6 15. Bxc5 dxc5 16. Nde4 Bxf5 17.
Nxc5 a3 18. b3 e4 19. Rg1 Bg6 20. N3xe4 Qxh4 21. Rg4 Qh1+ 22. Kd2 Qh6+ 23. Kd3
Rxf2 24. Qg1 Raf8 25. Re1 Rh2 26. Ne6 Rf3+ 0-1

[Event "MCR mladeze 2014, Open A"]
[Site "Kouty nad Desnou"]
[Date "2014.03.11"]
[Round "5"]
[White "Vojta, Tomas"]
[Black "Zilavy, Jan"]
[Result "1-0"]
[WhiteElo "2343"]
[BlackElo "1816"]
[PlyCount "57"]
[EventDate "2014.03.08"]

1. e4 e6 2. d4 d5 3. e5 c5 4. Qg4 cxd4 5. Nf3 Nc6 6. Bd3 Nge7 7. O-O Ng6 8. Qg3
Bc5 9. h4 Qc7 10. Re1 h5 11. a3 Nce7 12. b4 Bb6 13. Bb2 Nf5 14. Bxf5 exf5 15.
Nxd4 f4 16. Qd3 Nxh4 17. Nc3 Qd8 18. e6 a6 19. Re5 Bxe6 20. Nxe6 fxe6 21. Nxd5
Kf8 22. Nxb6 Qxb6 23. Qe4 Rh6 24. Qxf4+ Nf5 25. Qg5 Qc7 26. Rae1 Re8 27. Rxf5+
exf5 28. Bxg7+ Qxg7 29. Rxe8+ 1-0

[Event "MCR mladeze 2014, Open A"]
[Site "Kouty nad Desnou"]
[Date "2014.03.11"]
[Round "5"]
[White "Sabolova, Kristyna"]
[Black "Simunek, Filip"]
[Result "1/2-1/2"]
[WhiteElo "1861"]
[BlackElo "2176"]
[PlyCount "41"]
[EventDate "2014.03.08"]

1. d4 f5 2. c4 Nf6 3. Nc3 g6 4. Nf3 Bg7 5. e3 O-O 6. Bd3 d6 7. O-O Nc6 8. d5
Ne5 9. Nxe5 dxe5 10. e4 f4 11. f3 g5 12. g4 fxg3 13. hxg3 h6 14. Kg2 Qe8 15.
Be3 a6 16. c5 Qg6 17. Qd2 Nh5 18. Ne2 Bf6 19. Rh1 Nf4+ 20. Kf2 Nxe2 21. Kxe2 {
Necitelny zapis} 1/2-1/2

[Event "MCR mladeze 2014, Open A"]
[Site "Kouty nad Desnou"]
[Date "2014.03.11"]
[Round "5"]
[White "Haring, Viktor"]
[Black "Macek, Oldrich"]
[Result "1-0"]
[WhiteElo "2109"]
[BlackElo "1672"]
[PlyCount "55"]
[EventDate "2014.03.08"]

1. e4 e6 2. d4 d5 3. Nd2 Be7 4. Ngf3 c5 5. exd5 exd5 6. dxc5
Nf6 7. Nb3 O-O 8. Be2 Ne4 9. Be3 f5 10. c4 Be6 11. Nbd4 Qa5+ 12. Kf1 Bf7 13.
Nxf5 Bxc5 14. cxd5 Bxe3 15. Nxe3 Nd7 16. Qd4 Ndf6 17. Bc4 Nd6 18. Bb3 Rfe8 19.
Ng5 Bg6 20. Ne6 Re7 21. f3 Rf7 22. Rd1 Rc8 23. Nf4 Bf5 24. Kg1 Rfc7 25. h3 Rc5
26. Kh2 Qc7 27. Nxf5 Nxf5 28. d6+ 1-0

[Event "MCR mladeze 2014, Open A"]
[Site "Kouty nad Desnou"]
[Date "2014.03.11"]
[Round "5"]
[White "Bocek, Tadeas"]
[Black "Richterova, Natasa"]
[Result "1/2-1/2"]
[WhiteElo "1811"]
[BlackElo "2036"]
[PlyCount "23"]
[EventDate "2014.03.08"]

1. d4 d6 2. Nf3 Bg4 3. e4 Nf6 4. Nc3 e6 5. Be2 Be7 6. O-O O-O 7. Bf4 c6 8. h3
Bh5 9. Nd2 Bg6 10. Bh2 d5 11. e5 Nfd7 12. f4 {Necitelny zapis.} 1/2-1/2

[Event "MCR mladeze 2014, Open A"]
[Site "Kouty nad Desnou"]
[Date "2014.03.11"]
[Round "5"]
[White "Bartos, Vaclav"]
[Black "Vaculik, Jakub"]
[Result "1-0"]
[WhiteElo "1746"]
[BlackElo "2026"]
[Annotator "Doe,John"]
[PlyCount "97"]
[EventDate "2014.03.08"]

1. d4 Nf6 2. c4 c5 3. d5 b5 4. cxb5 a6 5.
bxa6 Bxa6 6. Nc3 d6 7. g3 g6 8. Bg2 Bg7 9. Nf3 O-O 10. O-O Nbd7 11. Re1 Qb6 12.
e4 Rfb8 13. Rb1 Ng4 14. Qc2 Nde5 15. Nxe5 Nxe5 16. Rd1 Qb4 17. a3 Qb3 18. Qxb3
Rxb3 19. Bf1 Nf3+ 20. Kg2 Bxf1+ 21. Rxf1 Bxc3 22. Kxf3 Raxa3 23. Kg2 Ra2 24.
Bg5 Bf6 25. Bxf6 exf6 26. Ra1 Rbxb2 27. Rxa2 Rxa2 28. Rb1 Ra8 29. Rb6 Rd8 30.
f4 Kf8 31. Kf3 h5 32. e5 dxe5 33. fxe5 fxe5 34. Ke4 Re8 35. d6 f5+ 36. Kd5 e4
37. d7 Rd8 38. Kd6 e3 39. Rb3 Kf7 40. Rxe3 g5 41. Re5 Kf6 42. Rxc5 f4 43. gxf4
gxf4 44. Kc7 Rh8 45. d8=Q+ Rxd8 46. Kxd8 h4 47. Kc7 Ke6 48. Kc6 h3 49. Kb5 1-0

[Event "MCR mladeze 2014, Open A"]
[Site "Kouty nad Desnou"]
[Date "2014.03.11"]
[Round "5"]
[White "Kotyk, Vaclav"]
[Black "Skorepa, Tomas"]
[Result "1/2-1/2"]
[WhiteElo "1851"]
[BlackElo "1783"]
[PlyCount "104"]
[EventDate "2014.03.08"]

1. e4 c5 2. Nc3 e6 3. Nf3 a6 4. d4 cxd4 5. Nxd4 Qc7 6. Be3 Nf6 7. Qd2 Bb4 8.
Bd3 b5 9. Nde2 Bb7 10. a3 Be7 11. O-O d6 12. Rad1 O-O 13. Rfe1 Nbd7 14. h3 Rac8
15. Ng3 Rfd8 16. Qe2 Nc5 17. Bd4 g6 18. e5 dxe5 19. Bxe5 Qc6 20. f3 Nxd3 21.
cxd3 Qb6+ 22. Qf2 Qxf2+ 23. Kxf2 Nd7 24. Bd4 Nc5 25. Bxc5 Bxc5+ 26. Ke2 f5 27.
Rc1 Kf7 28. Red1 e5 29. Nf1 Kf6 30. h4 Rd4 31. g3 h6 32. Ne3 Rdd8 33. g4 Ke6
34. h5 gxh5 35. gxf5+ Kf7 36. Ne4 Be7 37. Rh1 Rxc1 38. Rxc1 Rc8 39. Rh1 h4 40.
f6 Bxe4 41. fxe7 Bg6 42. Rxh4 h5 43. Kd2 Kxe7 44. f4 exf4 45. Nd5+ Ke6 46.
Nxf4+ Kf5 47. Nxg6 Kxg6 48. Re4 Rc6 49. Re8 Kg5 50. d4 h4 51. d5 Rf6 52. d6 Kf5
1/2-1/2

[Event "MCR mladeze 2014, Open A"]
[Site "Kouty nad Desnou"]
[Date "2014.03.11"]
[Round "5"]
[White "Brozova, Renata"]
[Black "Sosovicka, Jakub"]
[Result "0-1"]
[WhiteElo "1712"]
[BlackElo "1677"]
[PlyCount "124"]
[EventDate "2014.03.08"]

1. e4 c5 2. c3 d5 3. exd5 Qxd5 4. d4 Nc6 5. Nf3 Bf5 6. Na3 cxd4 7. cxd4 Nf6 8.
Bc4 Qd7 9. d5 Rd8 10. O-O Nxd5 11. Nb5 e6 12. Bxd5 exd5 13. Bf4 Rc8 14. Re1+
Be6 15. Ng5 Be7 16. Nxe6 fxe6 17. Qg4 O-O 18. Nc3 Bc5 19. Bg3 Rce8 20. Rad1 Qf7
21. Rf1 Qf5 22. Qxf5 Rxf5 23. Nb5 Ref8 24. Bd6 Bxf2+ 25. Rxf2 Rxf2 26. Bxf8
Rxf8 27. Nc3 Rf6 28. a3 Kf7 29. b4 Ke7 30. b5 Ne5 31. a4 Nc4 32. h3 Rf4 33.
Rxd5 Nb6 34. Rc5 Kd6 35. Rg5 g6 36. a5 Nc4 37. a6 b6 38. Rg3 Kc5 39. Rd3 Nd6
40. Re3 Rf5 41. Rxe6 Nxb5 42. g4 Rf3 43. Ne4+ Kd5 44. Re7 Rxh3 45. Nf6+ Kd6 46.
Re4 Ra3 47. Rb4 Kc5 48. Rb2 Rxa6 49. Nd7+ Kc4 50. Ne5+ Kc5 51. Nd7+ Kd6 52.
Rd2+ Kc7 53. Nf6 Ra1+ 54. Kf2 h6 55. Nd5+ Kb7 56. Ne7 a5 57. Nxg6 a4 58. Ne5 a3
59. Nc4 a2 60. Rb2 Rh1 61. Rxb5 a1=Q 62. Rxb6+ Kc7 0-1

[Event "MCR mladeze 2014, Open A"]
[Site "Kouty nad Desnou"]
[Date "2014.03.11"]
[Round "5"]
[White "Bobek, Daniel"]
[Black "Kovarik, Matyas"]
[Result "1-0"]
[WhiteElo "1707"]
[BlackElo "1584"]
[PlyCount "75"]
[EventDate "2014.03.08"]

1. e4 e6 2. d4 d5 3. e5 c5 4. c3 Nc6 5. Nf3 Qb6 6. a3 c4 7.
Qc2 Nge7 8. Bg5 Ng6 9. Be2 Bd7 10. Nbd2 Na5 11. O-O h6 12. Be3 Be7 13. h3 Qc7
14. Nh2 Rc8 15. f4 Nb3 16. Nxb3 Ba4 17. Qb1 Bxb3 18. f5 Nf8 19. Bh5 Bg5 20.
Bxg5 hxg5 21. g4 exf5 22. Qxf5 g6 23. Qf6 Rg8 24. Rae1 gxh5 25. e6 Qg3+ 26. Kh1
fxe6 27. Qf7+ Kd8 28. Qxg8 Kc7 29. Qxg5 Bc2 30. Qe5+ Qxe5 31. Rxe5 Be4+ 32. Kg1
hxg4 33. Nxg4 Kd6 34. Rg5 Ng6 35. Rf7 Nh4 36. Ne5 Rc7 37. Rgg7 Rxf7 38. Rxf7
1-0

[Event "MCR mladeze 2014, Open A"]
[Site "Kouty nad Desnou"]
[Date "2014.03.11"]
[Round "5"]
[White "Zemkova, Klara"]
[Black "Dumkova, Daniela"]
[Result "1/2-1/2"]
[WhiteElo "1730"]
[BlackElo "1645"]
[PlyCount "68"]
[EventDate "2014.03.08"]

1. e4 c5 2. b4 d6 3. a3 a6 4. Nf3 Nc6 5. bxc5 dxc5 6. Bb2 e6 7. g3 Nf6 8. d3
Be7 9. Bg2 O-O 10. O-O Qc7 11. Nbd2 b5 12. e5 Nd7 13. Re1 Bb7 14. Nb3 Rac8 15.
Nfd2 Rfd8 16. c4 Nb6 17. Qc2 Na4 18. Bc1 Nd4 19. Nxd4 Rxd4 20. Nf3 Rd7 21. Bf4
Rcd8 22. Rad1 Nb6 23. cxb5 axb5 24. Ng5 Nd5 25. Bc1 h6 26. Ne4 Ba6 27. Nc3 Nxc3
28. Qxc3 b4 29. axb4 cxb4 30. Qxc7 Rxc7 31. d4 Bb7 32. Bxb7 Rxb7 33. Bb2 Rd5
34. Rc1 Kf8 1/2-1/2

[Event "MCR mladeze 2014, Open A"]
[Site "Kouty nad Desnou"]
[Date "2014.03.11"]
[Round "5"]
[White "Ferkova, Dominika"]
[Black "Zuziak, Petr"]
[Result "1/2-1/2"]
[WhiteElo "1590"]
[BlackElo "1726"]
[PlyCount "117"]
[EventDate "2014.03.08"]

1. d4 Nf6 2. Nf3 g6 3. c4 Bg7 4. Nc3 d5 5. Bg5 Ne4 6. Bf4 Nxc3 7. bxc3 c5 8. e3
O-O 9. Bd3 dxc4 10. Bxc4 Nc6 11. O-O Na5 12. Be2 c4 13. Qa4 Bd7 14. Qb4 b5 15.
Nd2 Nc6 16. Qb2 e5 17. Bg3 exd4 18. exd4 Be8 19. a3 Nxd4 20. cxd4 Bxd4 21. Qb4
a5 22. Qd6 Bxa1 23. Rxa1 Qxd6 24. Bxd6 Rd8 25. Ne4 f5 26. Bxf8 fxe4 27. Be7 Rd2
28. Kf1 c3 29. Rc1 Rb2 30. Ke1 b4 31. Bc4+ Bf7 32. Bxf7+ Kxf7 33. Bd8 c2 34.
Bxa5 b3 35. Bc3 Ra2 36. Kd2 Rxa3 37. Bb2 Ra7 38. Kc3 Rb7 39. Re1 Kf6 40. Rxe4
Kf5 41. Re1 h5 42. Bc1 Rd7 43. Bd2 Rb7 44. Kb2 Rd7 45. Re2 g5 46. Bc1 Rd1 47.
Kxb3 Rxc1 48. Rxc2 Rh1 49. h3 g4 50. hxg4+ hxg4 51. Rc5+ Ke4 52. Rc4+ Kf5 53.
g3 Ra1 54. Rf4+ Kg5 55. Kb2 Ra6 56. Kc2 Ra2+ 57. Kd3 Ra3+ 58. Ke4 Ra4+ 59. Ke5
1/2-1/2